| 000 | 00612nam a2200229Ia 4500 | ||
|---|---|---|---|
| 003 | OSt | ||
| 005 | 20220918180204.0 | ||
| 006 | a|||||r|||| 00| 0 | ||
| 007 | ta | ||
| 008 | 220917b |||||||| |||| 00| 0 eng d | ||
| 024 | _a21,023 | ||
| 037 | _cTextual | ||
| 040 |
_aARTS _cARTS _beng |
||
| 041 |
_2eng _aeng |
||
| 082 | _aO:3M85w, J0 | ||
| 100 |
_aAldington Richard _918801 |
||
| 245 | 0 | _aPortrait of a genius bur ... The life of D H Lawrence 1885-1930 | |
| 260 | _c1950 | ||
| 650 | _aENGLISH LITERATURE | ||
| 942 |
_hO:3M85w, J0 _cTEXL _2CC |
||
| 999 |
_c160644 _d160644 |
||